Economic Reconstruction <A> Study of Post-War Problems
Enregistré dans:
| Format: | Livre |
|---|---|
| Langue: | anglais |
| Publié: |
London
Macmilan Co.Ltd
1943
|
| Tags: |
Pas de tags, Soyez le premier à ajouter un tag!
|
MARC
| LEADER | 00000nam a2200000 4500 | ||
|---|---|---|---|
| 001 | 0267699 | ||
| 005 | 20240822101709.8 | ||
| 041 | 0 | |a eng | |
| 044 | |a GB | ||
| 245 | 1 | 0 | |a Economic Reconstruction |b <A> Study of Post-War Problems |c J.R. Bellerby |
| 264 | 1 | |a London |b Macmilan Co.Ltd |c 1943 | |